Schaum's Outlines Digital Principles (Record no. 1707)

MARC details
000 -LEADER
fixed length control field 00346nam a2200145Ia 4500
008 - FIXED-LENGTH DATA ELEMENTS--GENERAL INFORMATION
fixed length control field 191201s2004 xx 000 0 und d
082 ## - DEWEY DECIMAL CLASSIFICATION NUMBER
Classification number 621.3
Item number TOS
100 ## - MAIN ENTRY--PERSONAL NAME
Personal name TOKHEIM, Roger L
245 #0 - TITLE STATEMENT
Title Schaum's Outlines Digital Principles
250 ## - EDITION STATEMENT
Edition statement 3rd
260 ## - PUBLICATION, DISTRIBUTION, ETC. (IMPRINT)
Place of publication, distribution, etc N.Delhi
Name of publisher, distributor, etc TMH
Date of publication, distribution, etc 2004
300 ## - PHYSICAL DESCRIPTION
Extent 352
650 ## - SUBJECT ADDED ENTRY--TOPICAL TERM
Topical term or geographic name as entry element B.Tech(ECE)
942 ## - ADDED ENTRY ELEMENTS (KOHA)
Source of classification or shelving scheme Dewey Decimal Classification
Koha item type Text Books
Holdings
Withdrawn status Lost status Source of classification or shelving scheme Damaged status Not for loan Collection code Home library Current library Date acquired Source of acquisition Cost, normal purchase price Bill Number Total Checkouts Full call number Acc. no. / Barcode Date last seen Bill Date Koha item type
    Dewey Decimal Classification     B.Tech(ECE) PIET C-LIBRARY PIET C-LIBRARY 20/08/2006 M/s UBS, Delhi 250.00 125382   621.382 TOD 3073 04/12/2019 23/08/2005 Text Books
    Dewey Decimal Classification     B.Tech(ECE) PIET C-LIBRARY PIET C-LIBRARY 20/08/2006 M/s UBS, Delhi 250.00 125382   621.382 TOD 3074 04/12/2019 23/08/2005 Text Books
    Dewey Decimal Classification     B.Tech(ECE) PIET C-LIBRARY PIET C-LIBRARY 20/08/2006 M/s UBS, Delhi 250.00 125382   621.382 TOD 3075 04/12/2019 23/08/2005 Text Books
    Dewey Decimal Classification     B.Tech(ECE) PIET C-LIBRARY PIET C-LIBRARY 23/08/2006 M/s UBS, Delhi 250.00 125382   621.3 TOS 3795 04/12/2019 23/08/2005 Text Books

Design & Developed by: PIET Central Library
R70 Miles Stone Pattikalyana Samalkha Panipat 132102
mail ID :- [email protected], Phone No:- 0180-2569700 Ex.216